| 000 | 00863cam a22002413a 4500 | ||
|---|---|---|---|
| 001 | 24637 | ||
| 003 | PGUSA | ||
| 005 | 20140828083529.0 | ||
| 008 | 080218s2008||||xxu|||||s|||||000 | eng d | ||
| 040 |
_aPGUSA _beng |
||
| 042 | _adc | ||
| 050 | 4 | _aTR | |
| 100 | 1 | _aTennant, John A. | |
| 245 | 1 | 0 |
_aBromide Printing and Enlarging : _bA Practical Guide to the Making of Bromide Prints by Contact and Bromide Enlarging by Daylight and Artificial Light, With the Toning of Bromide Prints and Enlargements _h[electronic resource] / _cJohn A. Tennant |
| 260 |
_bProject Gutenberg, _c2008 |
||
| 506 | _aPublic domain in the USA. | ||
| 516 | _aElectronic text | ||
| 653 | _aPhotography -- Enlarging | ||
| 653 | _aPhotography -- Printing processes -- Silver | ||
| 830 | 0 |
_aProject Gutenberg _v24637 |
|
| 856 | 4 | 0 | _uhttp://www.gutenberg.org/ebooks/24637 |
| 942 | _cEB | ||
| 999 |
_c253892 _d253892 |
||